• 首页
  • 本馆介绍
  • 公告通知
  • 最新文献
  • 馆藏检索
  • 电子资源
  • 读者导购
  • 参考咨询
  • 我的图书馆
  • 登录
  • 详细信息显示
  • 放入我的书架
  • 预约/预借图书
  • 作者相关作品
  • 分类相关作品
  • 丛书相关作品
  • 出版社相关作品

书目信息

  • 表格格式
  • 工作单格式
  • 卡片格式
题名:
组合夹具组装结构分析
    
 
作者: 陈宏钧 , 刘煜 编
分册:  
出版信息: 北京   机械工业出版社  1981
页数: 110页
开本: 19cm
丛书名:
单 册:
中图分类: TG754 , TG506.9
科图分类:
主题词: 组合夹具-结构分析 , 结构分析-组合夹具 , 金属切削 , 机床 , 金属加工--机具
电子资源:
ISBN:
000 00821nam0 2200313 45
001 0181000098
005 20040521145457.1
010    @dCNY0.30
091    @a15033.4989
100    @a19950426d1981 em y0chiy0121 ea
101 0  @achi
102    @aCN@b110000
105    @ay z 000yy
106    @ar
200 10 @a组合夹具组装结构分析@Azu he jia ju zu zhuang jie gou fen xi@f陈宏钧,刘煜编
210    @a北京@c机械工业出版社@d1981
215    @a110页@d19cm
606    @a组合夹具-结构分析
606    @a结构分析-组合夹具
606 0  @a金属切削
606 0  @a机床
606 0  @a金属加工@x机具
690    @aTG754@v3
690    @aTG506.9
701  0 @a陈宏钧@Achen hong jun@4编
701  0 @a刘煜@Aliu yu@4编
801  0 @aCN@b上海图书馆@c20040521
801  2 @aCN@bNLC@c20040521
905    @f1@b59592@dTG506.9@e19
    
    组合夹具组装结构分析/陈宏钧,刘煜编.-北京:机械工业出版社,1981
    110页;19cm
    
    
    ISBN :CNY0.30
    
●
相关链接 在E读中查询图书 在五车中查询图书 在当当中查询图书 在豆瓣中查询图书


正题名:组合夹具组装结构分析     索取号:TG506.9/19         预约/预借

序号 登录号 条形码 馆藏地/架位号 状态 备注
1 0059592   001362821   第三借阅区/ [索取号:TG506.9/19] 在馆    
2 0059593   001363107   第二样本阅览室/ [索取号:TG506.9/19] 在馆    
唐山师范学院图书馆 欢迎您!
大连网信软件有限公司© 版权所有